|
|
|
|
| LEADER |
00000nam0a2200000 4500 |
| 001 |
142370 |
| 005 |
20231031142729.0 |
| 010 |
|
|
|a 5270005913
|
| 020 |
|
|
|a RU
|b 89-78917
|
| 035 |
|
|
|a (RuTPU)RU\TPU\book\154295
|
| 090 |
|
|
|a 142370
|
| 100 |
|
|
|a 20080905d1989 m y0rusy5003 ca
|
| 101 |
1 |
|
|a rus
|c rus
|
| 102 |
|
|
|a RU
|
| 105 |
|
|
|a a z 000ay
|
| 200 |
1 |
|
|a Волчье лыко
|e Повести и рассказы
|e пер. с коми
|f Н. Н. Куратова
|g худож. В. П. Александров
|
| 210 |
|
|
|a Москва
|c Современник
|d 1989
|
| 215 |
|
|
|a 203,[2] с.
|c ил.
|
| 333 |
|
|
|a Исключено из фонда НТБ ТПУ
|
| 700 |
|
1 |
|a Куратова
|b Н. Н.
|g Нина Никитична
|
| 702 |
|
1 |
|a Александров
|b В. П.
|4 440
|
| 801 |
|
0 |
|a RU
|b RuMRKP
|c 19950417
|g psbo
|
| 801 |
|
1 |
|a RU
|b 63413507
|c 20080905
|g PSBO
|
| 801 |
|
2 |
|a RU
|b 63413507
|c 20220602
|g PSBO
|
| 942 |
|
|
|c BK
|